| 000 | 00628nam a22002057a 4500 | ||
|---|---|---|---|
| 003 | 0 | ||
| 005 | 20240913141511.0 | ||
| 008 | 240913b xxu||||| |||| 00| 0 eng d | ||
| 020 | _a978-0--367-61758-5 | ||
| 050 |
_aP 96 _b.K63 2023 |
||
| 100 | _aKoenitz, Hartmut | ||
| 245 |
_aUnderstanding interactive digital narrative _cHartmut Koenitz |
||
| 260 |
_aAbingdon, Oxon _bRoutledge _cc2023. |
||
| 300 |
_ax, 191 pages ; _c24cm. |
||
| 504 | _aIncludes bibliographical references and index. | ||
| 650 | _aNarration(Rhetoric). | ||
| 650 | _aDigital Storytelling. | ||
| 650 | _aStorytelling in mass media. | ||
| 942 |
_2lcc _cBK |
||
| 999 |
_c366228 _d366228 |
||